| 000 | 01183cam a2200337 i 4500 | ||
|---|---|---|---|
| 999 |
_c533781 _d533781 |
||
| 001 | 24145743 | ||
| 003 | DLC | ||
| 005 | 20260623142837.0 | ||
| 007 | t| | ||
| 008 | 250409s2025 ii b 001 0 eng | ||
| 010 | _a 2025348764 | ||
| 020 |
_a9788131614143 _qhardback |
||
| 025 | _aI-E-2025348764; 69-92 | ||
| 037 | _bLibrary of Congress -- New Delhi Overseas Office | ||
| 040 |
_aDLC _beng _erda _cDLC _dDLC _dDLC-MRC _dDLC |
||
| 042 |
_alcode _apcc |
||
| 043 | _aa-ii--- | ||
| 050 | 0 | 0 |
_aHM477.I4 _bJ39 2025 |
| 082 | _aB1x54 J334 | ||
| 100 | 1 |
_aJayaram, N., _d1950- _eauthor _4aut _4http://id.loc.gov/vocabulary/relators/aut _961303 |
|
| 240 | 1 | 0 |
_aWorks. _kSelections |
| 245 | 1 | 0 |
_aSociology in India : _bthe legacy of an uncertain transplant / _cN. Jayaram. |
| 260 |
_aJaipur _bRawat _c2025 |
||
| 300 |
_axiii, 383 pages _c25 cm |
||
| 500 | _a"Explorations in Indian sociology : collected works of N. Jayaram" | ||
| 504 | _aIncludes bibliographical references and index. | ||
| 650 | 0 |
_aSociology _zIndia _961304 |
|
| 650 | 0 |
_aSociologists _zIndia _961305 |
|
| 906 |
_a7 _bcbc _corigode _d3 _encip _f20 _gy-gencatlg |
||